[Event "Summer Prague Open 2019 - B"]
[Site "Olympik hotel, Sokolovska 138,"]
[Date "2019.08.05"]
[Round "5"]
[White "Guggenheim, Hans"]
[Black "Soural, Karel"]
[Result "1/2-1/2"]
[WhiteElo "1847"]
[BlackElo "1923"]
[PlyCount "62"]
[EventDate "2019.08.02"]

1. d4 d5 2. c4 e6 3. Nf3 Nf6 4. g3 c6 5. Bg2 Bb4+ 6. Bd2 Qe7 7. O-O dxc4 8. Ne5
O-O 9. Qc2 Nbd7 10. Nxc4 Bxd2 11. Nbxd2 e5 12. Nf3 exd4 13. Nxd4 Nb6 14. Ne3 g6
15. Rac1 Bd7 16. Rfd1 Rfd8 17. a3 Rac8 18. Nb3 Be6 19. Nc5 Nbd5 20. Nf1 b6 21.
Nxe6 Qxe6 22. e4 Ne7 23. b4 Rxd1 24. Rxd1 c5 25. bxc5 Rxc5 26. Rd8+ Kg7 27. Qd3
Rc8 28. Rd6 Qc4 29. Qf3 Qc3 30. Qf4 Ne8 31. Rd7 Rc7 1/2-1/2

[Event "Summer Prague Open 2019 - B"]
[Site "Olympik hotel, Sokolovska 138,"]
[Date "2019.08.05"]
[Round "5"]
[White "Aure, Anders Nilsson"]
[Black "Kastner, Oldrich"]
[Result "1/2-1/2"]
[WhiteElo "1742"]
[BlackElo "2033"]
[PlyCount "102"]
[EventDate "2019.08.02"]

1. c4 c5 2. Nc3 Nf6 3. g3 Nc6 4. Bg2 g6 5. Nf3 Bg7 6. O-O O-O 7. d3 d5 8. cxd5
Nxd5 9. Bd2 e6 10. Qc1 b6 11. Bh6 Bb7 12. Bxg7 Kxg7 13. Rb1 Nd4 14. Nxd4 cxd4
15. Nxd5 Bxd5 16. Bxd5 Qxd5 17. a3 Rfc8 18. Qd2 Rc5 19. Rfc1 Rac8 20. Rxc5 Qxc5
21. b4 Qc2 22. Qxc2 Rxc2 23. Kf1 Ra2 24. Rb3 b5 25. f4 Kf6 26. Kf2 g5 27. fxg5+
Kxg5 28. Kf3 Kf5 29. h3 Ke5 30. e3 Rc2 31. e4 f5 32. exf5 exf5 33. Rb1 Rc3 34.
Re1+ Kd5 35. Kf4 Rxd3 36. Re5+ Kc4 37. Rc5+ Kb3 38. Rxb5 Rc3 39. Rxf5 Rc7 40.
Ke4 Rd7 41. Kd3 Kxa3 42. b5 Kb4 43. g4 Rb7 44. Kxd4 Rxb5 45. Rxb5+ Kxb5 46. Kc3
Kc5 47. g5 Kd6 48. h4 Ke6 49. h5 Kf5 50. g6 hxg6 51. hxg6 Kxg6 1/2-1/2

[Event "Summer Prague Open 2019 - B"]
[Site "Olympik hotel, Sokolovska 138,"]
[Date "2019.08.05"]
[Round "5"]
[White "Korenek, Frantisek"]
[Black "Vora, Yash"]
[Result "1-0"]
[WhiteElo "1956"]
[BlackElo "1731"]
[PlyCount "103"]
[EventDate "2019.08.02"]

1. e4 e6 2. d4 d5 3. Nc3 Bb4 4. e5 c5 5. a3 Bxc3+ 6. bxc3 Qc7 7. Nf3 Ne7 8. Bd3
Nbc6 9. O-O O-O 10. a4 cxd4 11. cxd4 Nb4 12. Ba3 Nxd3 13. Qxd3 Re8 14. Ng5 Ng6
15. Bd6 Qc4 16. Qf3 Nh8 17. c3 h6 18. Nh3 Bd7 19. Rfb1 b6 20. Rb4 Qc6 21. Nf4
Rec8 22. Ne2 Ng6 23. g3 Re8 24. h4 Ne7 25. g4 Nc8 26. Qg3 Nxd6 27. exd6 Kh8 28.
g5 Rg8 29. Kh1 Raf8 30. Qf4 h5 31. Qf3 g6 32. Qf4 Rg7 33. a5 b5 34. Rb2 Rd8 35.
Qf6 Rf8 36. Qe7 Re8 37. Qf6 Qxd6 38. Nf4 Qe7 39. Qxe7 Rxe7 40. Nd3 Rg8 41. Nc5
Bc6 42. f4 Kg7 43. Re1 Rge8 44. Kg2 f6 45. Kg3 Kf7 46. Rbe2 Rb8 47. Rxe6 Rxe6
48. Rxe6 Ba8 49. Rxf6+ Kg7 50. Ne6+ Kh7 51. Rf7+ Kh8 52. Rxa7 1-0

[Event "Summer Prague Open 2019 - B"]
[Site "Olympik hotel, Sokolovska 138,"]
[Date "2019.08.05"]
[Round "5"]
[White "Dharani, Srinivas K B"]
[Black "Svetly, Jiri"]
[Result "1/2-1/2"]
[WhiteElo "1690"]
[BlackElo "1871"]
[PlyCount "33"]
[EventDate "2019.08.02"]

1. e4 d6 2. d4 Nf6 3. Nc3 g6 4. h3 Bg7 5. Be3 O-O 6. Qd2 c6 7. g4 b5 8. Bg2 e5
9. Nce2 Re8 10. Ng3 Qc7 11. N1e2 a5 12. O-O Ba6 13. Bh6 Qe7 14. Bxg7 Kxg7 15.
f4 Kh8 16. g5 Nfd7 17. Rf2 1/2-1/2

[Event "Summer Prague Open 2019 - B"]
[Site "Olympik hotel, Sokolovska 138,"]
[Date "2019.08.05"]
[Round "5"]
[White "Plesnivy, Martin"]
[Black "Stern, Philipp"]
[Result "0-1"]
[WhiteElo "1637"]
[BlackElo "1853"]
[PlyCount "84"]
[EventDate "2019.08.02"]

1. d4 d5 2. Nf3 Nf6 3. c4 c6 4. Nc3 dxc4 5. a4 Bf5 6. e3 e6 7. Bxc4 Bb4 8. Bd2
Nbd7 9. O-O O-O 10. Qe2 Re8 11. Nh4 Bg4 12. Qd3 Nb6 13. Bb3 c5 14. a5 c4 15.
Bxc4 Nxc4 16. Qxc4 Bxa5 17. Nf3 Bxf3 18. gxf3 e5 19. dxe5 Rxe5 20. Qf4 Bc7 21.
Rfd1 Rd5 22. Qc4 Rxd2 23. Rxd2 Bxh2+ 24. Kxh2 Qxd2 25. Kg2 a6 26. Qc7 Qd7 27.
Qa5 Qc6 28. Rd1 b6 29. Qb4 b5 30. Rd6 Qb7 31. Qd4 h6 32. e4 Qa7 33. Qd2 Qc5 34.
f4 b4 35. Na4 Qa5 36. Nb6 Nxe4 37. Rd8+ Rxd8 38. Qxd8+ Kh7 39. Qd3 Qxb6 40.
Qxe4+ Qg6+ 41. Qxg6+ Kxg6 42. b3 a5 0-1

[Event "Summer Prague Open 2019 - B"]
[Site "Olympik hotel, Sokolovska 138,"]
[Date "2019.08.05"]
[Round "5"]
[White "Vora, Tanish"]
[Black "Boghossian, Lucie"]
[Result "1-0"]
[WhiteElo "1799"]
[BlackElo "1249"]
[PlyCount "61"]
[EventDate "2019.08.02"]

1. e4 c5 2. Nf3 e6 3. d4 cxd4 4. Nxd4 Nc6 5. Nb5 a6 6. Nd6+ Bxd6 7. Qxd6 Nf6 8.
Nc3 Qa5 9. Bd2 Qb4 10. Qxb4 Nxb4 11. O-O-O O-O 12. Bg5 Ng4 13. Be7 Nxa2+ 14.
Nxa2 Re8 15. Bc5 b5 16. f3 Nf6 17. Nc3 Rb8 18. b4 Bb7 19. e5 Nd5 20. Nxd5 Bxd5
21. Rd4 Ra8 22. c4 bxc4 23. Bxc4 Bxc4 24. Rxc4 a5 25. Rd1 Rec8 26. b5 a4 27. b6
Rab8 28. Rc2 a3 29. Rxd7 a2 30. Kb2 Ra8 31. Ra7 1-0

[Event "Summer Prague Open 2019 - B"]
[Site "Olympik hotel, Sokolovska 138,"]
[Date "2019.08.05"]
[Round "5"]
[White "Andersen, Carsten"]
[Black "Westendorp, Christian"]
[Result "0-1"]
[WhiteElo "1602"]
[BlackElo "1774"]
[PlyCount "88"]
[EventDate "2019.08.02"]

1. e4 g6 2. d4 Bg7 3. Nc3 d6 4. Nf3 Nf6 5. h3 O-O 6. Be3 c6 7. Bd3 Re8 8. O-O
e5 9. dxe5 dxe5 10. Bc4 b5 11. Qxd8 Rxd8 12. Rfd1 Rxd1+ 13. Rxd1 Nbd7 14. Bd3
Bf8 15. Ne2 Bb7 16. Ng3 a6 17. Bg5 Re8 18. Nd2 h6 19. Be3 Nc5 20. Nf3 Nxd3 21.
cxd3 c5 22. Rc1 Nd7 23. Nd2 Rc8 24. b3 Kg7 25. f4 Bd6 26. f5 Be7 27. Rf1 Rc6
28. Nf3 Rd6 29. Ne1 Bh4 30. Bf2 Bg5 31. Nf3 Rxd3 32. Nxg5 hxg5 33. Rc1 Kf6 34.
fxg6 Kxg6 35. Kh2 Rd2 36. Bxc5 Nf6 37. Be7 Nxe4 38. Rc7 Bd5 39. Rd7 Nxg3 40.
Rxd5 Nf1+ 41. Kg1 Rxd5 42. Kxf1 Rd2 43. a4 bxa4 44. bxa4 Ra2 0-1

[Event "Summer Prague Open 2019 - B"]
[Site "Olympik hotel, Sokolovska 138,"]
[Date "2019.08.05"]
[Round "5"]
[White "Klimek, Petr"]
[Black "Havlis, Dominik"]
[Result "1-0"]
[WhiteElo "1852"]
[BlackElo "1654"]
[PlyCount "105"]
[EventDate "2019.08.02"]

1. e4 c5 2. d4 cxd4 3. c3 d5 4. exd5 Qxd5 5. cxd4 Nc6 6. Nf3 e6 7. Nc3 Bb4 8.
Bd2 Qa5 9. a3 Bxc3 10. Bxc3 Qd5 11. Bd3 Nf6 12. O-O O-O 13. Qe2 Bd7 14. Rfd1
Rac8 15. Ne5 Rfd8 16. Bc4 Qe4 17. Nxd7 Rxd7 18. Qxe4 Nxe4 19. f3 Nxc3 20. bxc3
Na5 21. Bb5 Rdc7 22. d5 Rc5 23. Bd7 R8c7 24. dxe6 fxe6 25. Bxe6+ Kf8 26. c4
Nxc4 27. Bxc4 Rxc4 28. Rd8+ Ke7 29. Rad1 Rc1 30. R8d7+ Rxd7 31. Rxc1 Rd3 32.
Rc7+ Kf6 33. Rxb7 Rxa3 34. Kf2 a5 35. Ra7 a4 36. g4 Ra2+ 37. Kg3 a3 38. Ra6+
Kf7 39. Ra7+ Ke6 40. Rxg7 Ra1 41. Ra7 a2 42. Kg2 Ke5 43. Ra4 Kf6 44. f4 Kg6 45.
Ra6+ Kf7 46. f5 h6 47. h4 Kg7 48. g5 hxg5 49. hxg5 Kf7 50. Ra7+ Kg8 51. g6 Kf8
52. f6 Ke8 53. g7 1-0

[Event "Summer Prague Open 2019 - A"]
[Site "Olympik hotel, Sokolovska 138,"]
[Date "2019.08.06"]
[Round "6"]
[White "Koustav, Chatterjee"]
[Black "Thakur, Akash"]
[Result "1-0"]
[WhiteElo "2429"]
[BlackElo "2273"]
[Annotator "Stanice"]
[PlyCount "95"]
[EventDate "2019.08.02"]

1. Nf3 d5 2. c4 c6 3. e3 Nf6 4. Nc3 g6 5. d4 Bg7 6. Be2 O-O 7. O-O Re8 8. Qb3
e6 9. Rd1 Nbd7 10. Bd2 b6 11. Rac1 Bb7 12. Be1 Qe7 13. a4 Rac8 14. cxd5 exd5
15. a5 Bf8 16. Qa2 Ne4 17. Nxe4 Qxe4 18. axb6 axb6 $11 19. Qa7 Rb8 20. b4 Qe6
21. Rc2 b5 22. Bd3 Bd6 23. Rdc1 Qe7 24. Rb1 Nf6 25. Qa3 Ra8 26. Qb3 Nd7 27. Re2
Nb6 28. e4 dxe4 29. Rxe4 Qf8 30. Bd2 Rxe4 31. Bxe4 Nc4 32. Bc3 Ra3 33. Qc2 Ra4
34. Qb3 Ra3 35. Qc2 Ra4 36. Qc1 Bxb4 37. Bc2 Ba3 38. Qf4 Bd6 39. Qe4 $11 Ra3
40. Bb3 Ra7 41. Bxc4 bxc4 42. d5 c5 43. Qxc4 Qd8 44. Ne5 Ba6 45. Qa4 Bd3 46.
Qxa7 Bxe5 47. Rb7 Ba6 48. Bxe5 1-0

[Event "Summer Prague Open 2019 - A"]
[Site "Olympik hotel, Sokolovska 138,"]
[Date "2019.08.06"]
[Round "6"]
[White "Serrano Salvador, Eduardo"]
[Black "Qashashvili, Alexandre"]
[Result "0-1"]
[WhiteElo "2306"]
[BlackElo "2497"]
[PlyCount "56"]
[EventDate "2019.08.02"]

1. d4 Nf6 2. Nf3 e6 3. c4 b6 4. a3 Ba6 5. Qc2 Bb7 6. Nc3 c5 7. d5 exd5 8. cxd5
Nxd5 9. Bg5 f6 10. Nxd5 Bxd5 11. O-O-O Be6 12. Bf4 Nc6 13. e3 Qe7 14. Bd3 g6
15. h4 Qf7 16. Bb5 Be7 17. Qc3 O-O 18. h5 g5 19. Bd6 Rac8 20. h6 Nd4 21. Bxe7
Nxb5 22. Qd3 c4 23. Qe4 Qxe7 24. Rh5 c3 25. b4 c2 26. Rd3 Nc3 27. Rxc3 Rxc3 28.
Nxg5 Rc4 0-1

[Event "Summer Prague Open 2019 - A"]
[Site "Olympik hotel, Sokolovska 138,"]
[Date "2019.08.06"]
[Round "6"]
[White "Sorm, Daniel"]
[Black "Mikes, Jan"]
[Result "1-0"]
[WhiteElo "2282"]
[BlackElo "2386"]
[PlyCount "81"]
[EventDate "2019.08.02"]

1. d4 Nf6 2. c4 g6 3. Nc3 Bg7 4. e4 d6 5. h3 O-O 6. Bg5 c5 7. d5 e6 8. Bd3 exd5
9. cxd5 Qa5 10. Bd2 Qb6 11. Nf3 Nfd7 12. Rb1 Ne5 13. Nxe5 Bxe5 14. O-O Nd7 15.
Kh1 Qd8 16. f4 Bg7 17. Qf3 a6 18. a4 Rb8 19. b3 Qh4 20. Rf2 Nf6 21. Kg1 h5 22.
Bf1 Nh7 23. g3 Qd8 24. Kh2 Bd4 25. Rg2 f5 26. Rd1 Qc7 27. e5 dxe5 28. fxe5 g5
29. d6 Qg7 30. Bc4+ Kh8 31. e6 b5 32. axb5 axb5 33. Nxb5 Bb7 34. Bd5 Bxd5 35.
Qxd5 Nf6 36. Qc4 Rg8 37. Nxd4 cxd4 38. d7 Ne4 39. Bb4 g4 40. h4 Rb7 41. Qd5 1-0

[Event "Summer Prague Open 2019 - A"]
[Site "Olympik hotel, Sokolovska 138,"]
[Date "2019.08.06"]
[Round "6"]
[White "Hjelmas, Lars"]
[Black "Yagupov, Igor"]
[Result "0-1"]
[WhiteElo "2240"]
[BlackElo "2370"]
[PlyCount "92"]
[EventDate "2019.08.02"]

1. d4 d5 2. Nf3 Nf6 3. c4 c6 4. g3 Bg4 5. Bg2 e6 6. O-O Nbd7 7. b3 Be7 8. Nc3
O-O 9. Bb2 h6 10. Re1 Bf5 11. Nd2 Re8 12. e4 dxe4 13. Ndxe4 Nxe4 14. Nxe4 Bxe4
15. Bxe4 Bf6 16. Qf3 Nc5 17. Bc2 Bxd4 18. Rad1 Qf6 19. Qxf6 Bxf6 20. Ba3 Be7
21. Bxc5 Bxc5 22. Rd7 Red8 23. Red1 Rxd7 24. Rxd7 Rb8 25. Kf1 Kf8 26. Ke2 Ke8
27. Rd1 Ke7 28. h4 h5 29. Be4 a5 30. a4 g6 31. f4 Rd8 32. Bd3 f5 33. Kf3 Rd4
34. Bc2 Rxd1 35. Bxd1 Kd6 36. Be2 e5 37. Bf1 e4+ 38. Kg2 Bd4 39. c5+ Kxc5 40.
Bc4 Kb4 41. Bf7 Kc3 42. Kf1 Kd2 43. Bxg6 b5 44. axb5 cxb5 45. Bxh5 a4 46. bxa4
bxa4 0-1

[Event "Summer Prague Open 2019 - A"]
[Site "Olympik hotel, Sokolovska 138,"]
[Date "2019.08.06"]
[Round "6"]
[White "Vavra, Pavel"]
[Black "Dushyant, Sharma"]
[Result "1/2-1/2"]
[WhiteElo "2347"]
[BlackElo "2228"]
[Annotator "Stanice"]
[PlyCount "43"]
[EventDate "2019.08.02"]

1. d4 d5 2. Nf3 e6 3. g3 Nf6 4. Bg2 Be7 5. O-O b5 6. a4 b4 7. c4 bxc3 8. Nxc3
Nbd7 9. Bf4 Nh5 10. Bd2 Bb7 11. a5 a6 12. Ne5 O-O 13. e4 Nhf6 14. exd5 exd5 15.
Qa4 Nxe5 16. dxe5 Nd7 17. Nxd5 Bxd5 18. Bxd5 Nxe5 19. Qe4 c6 20. Qxe5 cxd5 21.
Qe2 $11 Bf6 22. Rab1 1/2-1/2

[Event "Summer Prague Open 2019 - A"]
[Site "Olympik hotel, Sokolovska 138,"]
[Date "2019.08.06"]
[Round "6"]
[White "Adrian, Claude"]
[Black "Kulhanek, Tomas"]
[Result "1/2-1/2"]
[WhiteElo "2258"]
[BlackElo "2342"]
[PlyCount "22"]
[EventDate "2019.08.02"]

1. c4 Nf6 2. Nf3 e6 3. g3 a6 4. Bg2 b5 5. b3 c5 6. O-O Bb7 7. Nc3 Qb6 8. Re1
Be7 9. e4 O-O 10. e5 Ne8 11. a4 bxc4 1/2-1/2

[Event "Summer Prague Open 2019 - A"]
[Site "Olympik hotel, Sokolovska 138,"]
[Date "2019.08.06"]
[Round "6"]
[White "Ondersteijn, Niels"]
[Black "Brejnik, Gustav"]
[Result "1-0"]
[WhiteElo "2397"]
[BlackElo "2190"]
[Annotator "Stanice"]
[PlyCount "109"]
[EventDate "2019.08.02"]

1. c4 e5 2. g3 c6 3. Nf3 e4 4. Nd4 d5 5. cxd5 cxd5 6. d3 Nf6 7. Nc3 Bc5 8. Nb3
Bb4 9. a3 Bxc3+ 10. bxc3 Qc7 11. c4 exd3 12. Bf4 Qe7 13. Qxd3 dxc4 14. Qxc4 O-O
$11 15. Bg2 Be6 16. Qc5 Qxc5 17. Nxc5 Bd5 18. Bxd5 Nxd5 19. Nxb7 Nxf4 20. gxf4
Nd7 21. O-O Rab8 22. Rfb1 Nb6 23. Na5 Nd5 24. Rxb8 Rxb8 25. Nc6 Rb6 26. Rd1
Rxc6 27. Rxd5 g6 28. Ra5 a6 29. h4 h5 30. f5 Kg7 31. fxg6 fxg6 32. Kg2 Kf6 33.
Kf3 Ke6 34. Kf4 Kf6 35. e4 Rb6 36. f3 Rc6 37. a4 Rb6 38. Rc5 Ke6 39. a5 Rd6 40.
Rc7 Rd1 41. Rc6+ Kf7 42. Rxa6 Ra1 43. Ke5 Ke7 44. Ra7+ Kd8 45. f4 Ra4 46. f5
gxf5 47. exf5 Rxh4 48. f6 Ke8 49. a6 Ra4 50. Re7+ Kf8 51. a7 Ra5+ 52. Kf4 Ra4+
53. Kg5 Ra1 54. Rb7 Rg1+ 55. Kh6 1-0

[Event "Summer Prague Open 2019 - A"]
[Site "Olympik hotel, Sokolovska 138,"]
[Date "2019.08.06"]
[Round "6"]
[White "Domogaev, Sergey"]
[Black "Chudinovskikh, Alexander M"]
[Result "1-0"]
[WhiteElo "2336"]
[BlackElo "2145"]
[PlyCount "59"]
[EventDate "2019.08.02"]

1. c4 c5 2. Nc3 g6 3. Nf3 Bg7 4. h4 Nf6 5. d3 Nc6 6. Bg5 d6 7. g3 h6 8. Bd2 a6
9. Bg2 Rb8 10. Nd5 Nxd5 11. cxd5 Nd4 12. Nxd4 cxd4 13. O-O O-O 14. Qb3 Bg4 15.
Rfe1 Qd7 16. Kh2 h5 17. a4 b5 18. axb5 Rxb5 19. Qa2 Rfb8 20. b4 a5 21. bxa5 Rb2
22. Reb1 Rxa2 23. Rxb8+ Kh7 24. Rxa2 Qa7 25. Rb3 e5 26. dxe6 Bxe6 27. Rb7 Qa6
28. Rab2 d5 29. R2b6 Qa8 30. a6 1-0

[Event "Summer Prague Open 2019 - A"]
[Site "Olympik hotel, Sokolovska 138,"]
[Date "2019.08.06"]
[Round "6"]
[White "Abrahams, Daniel"]
[Black "Doric, Nenad"]
[Result "1/2-1/2"]
[WhiteElo "2173"]
[BlackElo "2275"]
[PlyCount "29"]
[EventDate "2019.08.02"]

1. c4 e6 2. g3 d5 3. Bg2 dxc4 4. Qa4+ Nd7 5. Qxc4 a6 6. Qc2 Ngf6 7. Nf3 Be7 8.
d3 O-O 9. O-O c5 10. Bg5 Ra7 11. Nbd2 b6 12. Rfe1 Bb7 13. a3 h6 14. Bxf6 Nxf6
15. Ne5 1/2-1/2

[Event "Summer Prague Open 2019 - A"]
[Site "Olympik hotel, Sokolovska 138,"]
[Date "2019.08.06"]
[Round "6"]
[White "Beukes, Dante M"]
[Black "Slampa, Jan"]
[Result "1/2-1/2"]
[WhiteElo "2130"]
[BlackElo "2245"]
[PlyCount "54"]
[EventDate "2019.08.02"]

1. e4 c5 2. Nf3 e6 3. d4 cxd4 4. Nxd4 Nc6 5. Nc3 Qc7 6. Be3 a6 7. Qf3 b5 8.
Nxc6 Qxc6 9. Bd3 Bb7 10. O-O-O d6 11. Qg3 Nf6 12. f3 Rc8 13. Kb1 Nd7 14. Rhe1
Nc5 15. Qf2 Be7 16. Bxc5 Qxc5 17. Qxc5 Rxc5 18. a4 Bf6 19. axb5 Bxc3 20. bxc3
axb5 21. Kb2 Ke7 22. Ra1 Rhc8 23. Ra7 R8c7 24. Rea1 Kd7 25. R1a5 Kc6 26. Ra1
Kb6 27. R7a3 g6 1/2-1/2

[Event "Summer Prague Open 2019 - A"]
[Site "Olympik hotel, Sokolovska 138,"]
[Date "2019.08.06"]
[Round "6"]
[White "Yakimenko, Alexander A"]
[Black "Hrdina, Robin"]
[Result "1/2-1/2"]
[WhiteElo "2100"]
[BlackElo "2229"]
[PlyCount "71"]
[EventDate "2019.08.02"]

1. e4 e5 2. Nf3 Nc6 3. Bb5 a6 4. Ba4 Nf6 5. O-O Be7 6. Re1 b5 7. Bb3 d6 8. c3
O-O 9. h3 Nb8 10. d4 Nbd7 11. Nbd2 Bb7 12. Bc2 Re8 13. Nf1 Bf8 14. Ng3 g6 15.
Bg5 h6 16. Bd2 Bg7 17. a4 Nb6 18. a5 Nc4 19. Bc1 d5 20. Nxe5 Nxe5 21. dxe5 Nxe4
22. Bf4 g5 23. Nxe4 dxe4 24. Bg3 Bxe5 25. Bxe4 Bxe4 26. Rxe4 Bxg3 27. Rxe8+
Qxe8 28. fxg3 Qe3+ 29. Kh2 Re8 30. Qd7 c5 31. Rf1 Qe6 32. Qc7 c4 33. Rd1 Kg7
34. Rd6 Qe5 35. Qb6 Re6 36. Rxe6 1/2-1/2

[Event "Summer Prague Open 2019 - A"]
[Site "Olympik hotel, Sokolovska 138,"]
[Date "2019.08.06"]
[Round "6"]
[White "Jedlicka, Ales"]
[Black "Paulus, Vaclav"]
[Result "0-1"]
[WhiteElo "2227"]
[BlackElo "1963"]
[PlyCount "92"]
[EventDate "2019.08.02"]

1. d4 Nf6 2. c4 c5 3. d5 b5 4. cxb5 a6 5. bxa6 g6 6. Nc3 Bg7 7. e4 O-O 8. Nf3
Qa5 9. Bd2 Bxa6 10. Be2 Bxe2 11. Qxe2 Qa6 12. Qxa6 Nxa6 13. O-O d6 14. Rfe1 Nb4
15. Re2 Nd7 16. Bg5 Rfe8 17. a4 h6 18. Bd2 Reb8 19. Ne1 c4 20. Be3 Nd3 21. Nxd3
cxd3 22. Rd2 Rxb2 23. Rxb2 Bxc3 24. Rba2 Bxa1 25. Rxa1 Nc5 26. f3 Rxa4 27. Rd1
Ra3 28. Bxh6 f5 29. exf5 gxf5 30. Kf2 Kf7 31. Bf4 Nd7 32. h4 Nf6 33. Bd2 Nxd5
34. h5 e5 35. Kg3 e4 36. fxe4 fxe4 37. Rf1+ Kg7 38. h6+ Kg6 39. Re1 e3 40. Bxe3
Nxe3 41. Rxe3 d2 42. Rxa3 d1=Q 43. Rf3 Kxh6 44. Kg4 d5 45. Kf4 Qd4+ 46. Kf5
Qe4+ 0-1

[Event "Summer Prague Open 2019 - A"]
[Site "Olympik hotel, Sokolovska 138,"]
[Date "2019.08.06"]
[Round "6"]
[White "Plischki, Sebastian"]
[Black "Chmel, Kristian"]
[Result "1-0"]
[WhiteElo "2391"]
[BlackElo "2119"]
[PlyCount "43"]
[EventDate "2019.08.02"]

1. d4 Nf6 2. Bg5 Ne4 3. Bf4 c5 4. f3 Nf6 5. dxc5 Nc6 6. e4 e5 7. Be3 b6 8. cxb6
d5 9. Bb5 Bb7 10. exd5 Nxd5 11. Bf2 Bb4+ 12. c3 O-O 13. Ne2 Ba5 14. Na3 Qg5 15.
Qxd5 Rad8 16. f4 Qg6 17. Qf3 exf4 18. O-O a6 19. Nxf4 Qg5 20. Bxc6 Bxc6 21.
Qxc6 Qxf4 22. Bd4 1-0

[Event "Summer Prague Open 2019 - A"]
[Site "Olympik hotel, Sokolovska 138,"]
[Date "2019.08.06"]
[Round "6"]
[White "Shehzad, Shazil"]
[Black "Arpita, Mukherjee"]
[Result "1/2-1/2"]
[WhiteElo "2130"]
[BlackElo "2290"]
[PlyCount "51"]
[EventDate "2019.08.02"]

1. e4 c5 2. Nf3 d6 3. Bb5+ Nd7 4. O-O Ngf6 5. Re1 a6 6. Bf1 g6 7. c3 e5 8. d4
Qc7 9. a4 Bg7 10. Nbd2 O-O 11. a5 cxd4 12. cxd4 exd4 13. Nxd4 Nc5 14. b4 Ne6
15. Bb2 d5 16. e5 Nh5 17. N2f3 Bh6 18. g3 Nhg7 19. Qb3 Nxd4 20. Nxd4 Be6 21.
Bd3 Rac8 22. f4 Rfd8 23. b5 Nf5 24. Nxf5 gxf5 25. Bd4 Bf8 26. Kg2 1/2-1/2

[Event "Summer Prague Open 2019 - A"]
[Site "Olympik hotel, Sokolovska 138,"]
[Date "2019.08.06"]
[Round "6"]
[White "Gruber, Michael"]
[Black "Toman, Ondrej"]
[Result "0-1"]
[WhiteElo "2123"]
[BlackElo "2235"]
[PlyCount "112"]
[EventDate "2019.08.02"]

1. e4 e6 2. d4 d5 3. Nd2 h6 4. Ngf3 Nf6 5. e5 Nfd7 6. Bd3 c5 7. c3 Nc6 8. a3
Qb6 9. O-O cxd4 10. cxd4 Nxd4 11. Nxd4 Qxd4 12. Nf3 Qb6 13. Qa4 a6 14. Bd2 Be7
15. Rac1 Qxb2 16. Rc3 O-O 17. Rb1 Qa2 18. Bxh6 f5 19. Be3 b5 20. Qd1 d4 21.
Nxd4 Nxe5 22. Rcb3 Nc4 23. Nc6 Bd6 24. Ra1 Nb2 25. Rxa2 Nxd1 26. Bg5 Bb7 27.
Rc2 Rfc8 28. Ne7+ Bxe7 29. Bxe7 Bd5 30. Rb1 Rxc2 31. Bxc2 Nc3 32. Re1 Kf7 33.
Bb4 Rc8 34. Bd3 Be4 35. Bf1 Nd5 36. Ba5 Nf6 37. f3 Bd5 38. Ra1 Rc2 39. Bd3 Rb2
40. Bb4 Bc4 41. Bxc4 bxc4 42. Rc1 Nd5 43. Rxc4 Rxg2+ 44. Kxg2 Ne3+ 45. Kf2 Nxc4
46. Ke2 g5 47. Kd3 Ne5+ 48. Ke3 g4 49. f4 Ng6 50. Bd2 Nh4 51. Kd3 Nf3 52. Be3
Nxh2 53. Bf2 e5 54. fxe5 Ke6 55. Kc4 f4 56. Kc5 g3 0-1

[Event "Summer Prague Open 2019 - A"]
[Site "Olympik hotel, Sokolovska 138,"]
[Date "2019.08.06"]
[Round "6"]
[White "Fuchs, Georg"]
[Black "Jinsoo, Kim"]
[Result "0-1"]
[WhiteElo "2215"]
[BlackElo "2112"]
[PlyCount "62"]
[EventDate "2019.08.02"]

1. e4 d5 2. exd5 Qxd5 3. Nc3 Qd8 4. Bc4 Nf6 5. Nf3 g6 6. d4 Bg7 7. Bg5 a6 8.
Qe2 O-O 9. O-O-O b5 10. Bb3 Nc6 11. Rhe1 h6 12. Bh4 b4 13. Ne4 Na5 14. Nc5
Nxb3+ 15. axb3 Re8 16. Ne5 Qd5 17. f4 Nd7 18. Ncd3 a5 19. g4 Ba6 20. Qf2 Bxd3
21. Rxd3 a4 22. f5 g5 23. Bg3 axb3 24. cxb3 Bxe5 25. Bxe5 Nc5 26. Rh3 Nxb3+ 27.
Kd1 Ra1+ 28. Ke2 Qe4+ 29. Kf1 Qh1+ 30. Ke2 Rxe1+ 31. Qxe1 Qg2+ 0-1

[Event "Summer Prague Open 2019 - A"]
[Site "Olympik hotel, Sokolovska 138,"]
[Date "2019.08.06"]
[Round "6"]
[White "Srinivasa Rao, M."]
[Black "Soural, Jan"]
[Result "1-0"]
[WhiteElo "2090"]
[BlackElo "2206"]
[PlyCount "73"]
[EventDate "2019.08.02"]

1. Nf3 c5 2. g3 b6 3. Bg2 Bb7 4. c4 Nf6 5. O-O e6 6. Nc3 Be7 7. Re1 Ne4 8. Nxe4
Bxe4 9. d3 Bb7 10. e4 d6 11. d4 cxd4 12. Nxd4 O-O 13. b3 a6 14. Ba3 Qc7 15. f4
Nc6 16. Nc2 Rfd8 17. Qe2 b5 18. cxb5 Qb6+ 19. Kh1 axb5 20. Bb2 d5 21. exd5 exd5
22. Ne3 Nb4 23. a3 d4 24. Nf5 Bf6 25. axb4 d3 26. Qd2 Rxa1 27. Rxa1 Bxg2+ 28.
Kxg2 Qe6 29. g4 g6 30. Nh6+ Kg7 31. g5 Qe4+ 32. Kg3 Bxb2 33. Qxb2+ Rd4 34. Qd2
f5 35. Re1 Qd5 36. Re8 Qxb3 37. Qe3 1-0

[Event "Summer Prague Open 2019 - A"]
[Site "Olympik hotel, Sokolovska 138,"]
[Date "2019.08.06"]
[Round "6"]
[White "Harazinska, Magdalena"]
[Black "Boghossian, Pierre"]
[Result "0-1"]
[WhiteElo "2025"]
[BlackElo "1951"]
[PlyCount "62"]
[EventDate "2019.08.02"]

1. d4 e6 2. c4 d5 3. Nc3 c5 4. cxd5 cxd4 5. Qxd4 Nc6 6. Qd1 exd5 7. Qxd5 Bd7 8.
Nf3 Nf6 9. Qd1 Bc5 10. e3 Qe7 11. Be2 O-O-O 12. Bd2 g5 13. O-O g4 14. Nd4 h5
15. Rc1 Kb8 16. Na4 Bd6 17. Nb5 Bxh2+ 18. Kxh2 Ne4 19. Bd3 Qh4+ 20. Kg1 Nxf2
21. Rxf2 g3 22. Qf3 Ne5 23. Qxb7+ Kxb7 24. Nc5+ Kb6 25. Rf4 Qh2+ 26. Kf1 Qh1+
27. Ke2 Qxg2+ 28. Kd1 Nxd3 29. Na4+ Kxb5 30. Rb4+ Nxb4 31. Rc5+ Ka6 0-1

[Event "Summer Prague Open 2019 - B"]
[Site "Olympik hotel, Sokolovska 138,"]
[Date "2019.08.06"]
[Round "6"]
[White "Jaeger, Andre"]
[Black "Atnilov, Boris"]
[Result "0-1"]
[WhiteElo "1897"]
[BlackElo "2053"]
[PlyCount "60"]
[EventDate "2019.08.02"]

1. d4 Nf6 2. c4 e6 3. Nc3 c5 4. Nf3 cxd4 5. Nxd4 Nc6 6. g3 Ne5 7. e4 Qb6 8. Nb3
Bb4 9. Qe2 Qc6 10. f4 Nxe4 11. Bg2 Nxc3 12. bxc3 Bxc3+ 13. Kf1 Qa4 14. fxe5
Bxa1 15. Nxa1 O-O 16. Bb2 Rb8 17. Be4 b5 18. c5 Qxa2 19. h4 b4 20. Bd3 Bb7 21.
Rh2 Qd5 22. Qe3 Rbc8 23. Bd4 a5 24. Nb3 f6 25. exf6 e5 26. Bxe5 Rce8 27. Re2
Rxe5 28. Bxh7+ Kxh7 29. Qxe5 Qh1+ 30. Kf2 Rxf6+ 0-1

[Event "Summer Prague Open 2019 - B"]
[Site "Olympik hotel, Sokolovska 138,"]
[Date "2019.08.06"]
[Round "6"]
[White "Westendorp, Christian"]
[Black "Korenek, Frantisek"]
[Result "0-1"]
[WhiteElo "1774"]
[BlackElo "1956"]
[PlyCount "82"]
[EventDate "2019.08.02"]

1. d4 Nf6 2. c4 e6 3. Nf3 b6 4. Bg5 h6 5. Bh4 Bb7 6. e3 Be7 7. Bd3 Ne4 8. Bxe7
Qxe7 9. O-O Nf6 10. Nc3 O-O 11. a3 d6 12. b4 Nbd7 13. Qe2 c5 14. Ra2 e5 15. Nh4
e4 16. Bc2 g6 17. g3 Nh7 18. d5 Ndf6 19. f4 Bc8 20. bxc5 bxc5 21. Qg2 Re8 22.
Qh1 Rb8 23. Rb1 Rxb1+ 24. Nxb1 Ng4 25. Nd2 Nxe3 26. Qxe4 Nf6 27. Qxe7 Rxe7 28.
Nhf3 Ba6 29. Bb3 Nd7 30. Ra1 Nb6 31. Rc1 Nf5 32. Kf2 h5 33. Re1 Kf8 34. Ng5
Rxe1 35. Kxe1 Nd4 36. Nge4 Nxb3 37. Nxb3 Nxc4 38. a4 Ke7 39. Nbxc5 dxc5 40.
Nxc5 Bc8 41. Ke2 Kd6 0-1